| 000 | 00628nam a2200241 a 4500 | ||
|---|---|---|---|
| 999 |
_c4145 _d4145 |
||
| 001 | 4145 | ||
| 003 | BD-JhCC | ||
| 005 | 20171123164042.0 | ||
| 008 | 931129s1965 -usabop 001 0 eng d | ||
| 035 | _a(BD-JhCC)4145 | ||
| 040 |
_aBD-JhCC _dBD-JhCC |
||
| 041 | _aeng | ||
| 050 | 0 |
_aQC861 _bR5 |
|
| 082 |
_a523.01 _bRIE 1965 |
||
| 100 | 1 | _aRiehl, Herbert. | |
| 245 | 1 | 0 |
_aIntroduction to the atmosphere / _cHerbert Riehl |
| 260 |
_aNew York ; _aLondon : _bMcGraw-Hill, _c[1965] |
||
| 300 |
_axi, 365 p. : _bill. ; _c23 cm |
||
| 504 | _aBibliography: p. 347-350 | ||
| 650 | 0 | _aAtmosphere. | |
| 942 |
_2ddc _cBK |
||